Filmographie de David Cronenberg - Statistiques

Statistiques générales
  • Ce quiz a été pris 44 fois
  • Le résultat moyen est 13 sur 22
Statistiques - réponses
Années Films % Correct
1986 La Mouche
94%
2005 A history of violence
82%
1996 Crash
79%
2022 Les Crimes du futur
79%
1983 Videodrome
79%
1999 eXistenZ
76%
2012 Cosmopolis
71%
2007 Les promesses de l'ombre
71%
2014 Maps to the stars
62%
1979 Chromosome 3
59%
1988 Faux-semblants
59%
1981 Scanners
59%
1977 Rage
56%
1983 Deadzone
50%
1991 Le festin nu
50%
2002 Spider
50%
1970 Crimes of the future
47%
1975 Frissons
47%
2011 A dangerous method
38%
1993 M. Butterfly
26%
1969 Stereo
26%
1979 Fast Company
18%
Aucun quiz correspondant
Distribution des résultats
% des personnes avec chaque résultat
Percentile par nombre de réponses
Votre historique - résultats
Vous n’avez pas pris ce quiz